| 000 | 00852nam a22002057a 4500 | ||
|---|---|---|---|
| 003 | OSt | ||
| 005 | 20151022114202.0 | ||
| 008 | 130604s1997 sp ||||| |||| 00| 0 spa d | ||
| 040 | _cCDMR | ||
| 245 | 0 | 0 | _aTextos básicos de comunicación 89-95 |
| 260 |
_bOrganización de las Naciones Unidas para la Educación, la Ciencia y la Cultura _c[1997] |
||
| 300 | _a106 p. | ||
| 500 | _aConté: 1.- Declaraciones sobre el Fomento de unos medios de comunicación independientes y pluralistas ; 2.- Plataforma de Acción de Toronto ; 3.- resoluciones de la Conferencia General | ||
| 650 | 0 | 4 |
_93195 _aDrets humans |
| 650 | 0 | 4 |
_9980 _aComunicació _xAspectes ètics i morals |
| 610 | 2 |
_91452 _aUnesco _vResolucions |
|
| 710 | 2 |
_91452 _aUnesco |
|
| 856 | 4 | 0 |
_uhttp://unesdoc.unesco.org/images/0010/001091/109197sb.pdf _yDisponible en línia (pdf) |
| 942 |
_2udc _cMON |
||
| 999 |
_c6394 _d6394 |
||